00821cam a2200217 a 4500008004100000020002300041100002100064245013600085260003000221300003600251440006700287500006800354504004100422650002600463700001900489700001800508710005000526003000100576005001700577040000900594  a392270591X ( hbk.)1 aLerner, David N.10aGroundwater recharge :ba guide to understanding and estimating natural recharge /cDavid N. Lerner, Arie S. Issar and Ian Simmers. aHannover :bHeise,c1990. axviii, 345 p. :bill. ;c24 cm. 0aInternational contributions to hydrogeology,x0936-3912 ;v 8. aAt head of title: International Association of Hydrogeologists. aIncludes bibliographical references. 0aGroundwater recharge.1 aIssar, Arie S.1 aSimmers, Ian.2 aInternational Association of Hydrogeologists.20230123134346.0 cNUST